[Event "Tambov Korensky Memorial 26th"]
[Site "Tambov"]
[Date "2017.08.25"]
[Round "7"]
[White "Zinovjev, Yury V"]
[Black "Vlasov, Valery"]
[Result "1-0"]
[WhiteElo "2101"]
[BlackElo "1964"]
[PlyCount "73"]
[EventDate "2017.08.19"]
[EventType "swiss"]
[EventRounds "9"]
[EventCountry "RUS"]
[SourceTitle "CBM 180 Extra"]
[Source "ChessBase"]
[SourceDate "2017.10.06"]
[SourceVersion "1"]
[SourceVersionDate "2017.10.06"]
[SourceQuality "1"]

1. e4 c5 2. Nf3 e6 3. d3 d6 4. g3 Nc6 5. Bg2 g6 6. 0-0 Bg7 7. c3 Nge7 8. Be3 0-0 9. d4 b6 10. Na3 Bb7 11. Qd2 Re8 12. Rad1 a6 13. Nc2 Na5 14. Qe2 c4 15. Bf4 Qc7 16. e5 d5 17. h4 h5 18. Ne3 Qd7 19. g4 hxg4 20. Nxg4 Nf5 21. Nf6+ Bxf6 22. exf6 Nc6 23. Ne5 Nxe5 24. Bxe5 Kh7 25. Qg4 Rh8 26. Bf4 Kg8 27. Bg5 Kf8 28. Rfe1 Qa4 29. a3 Qd7 30. Rd2 b5 31. Rde2 Re8 32. Re5 Bc6 33. Qf4 Qb7 34. Bh3 Bd7 35. Bxf5 exf5 36. Rxe8+ Bxe8 37. Qd6+ 1-0

[Event "Tambov Korensky Memorial 26th"]
[Site "Tambov"]
[Date "2017.08.22"]
[Round "4"]
[White "Zinovjev, Yury V"]
[Black "Maneluk, Daniil"]
[Result "0-1"]
[WhiteElo "2101"]
[BlackElo "1849"]
[PlyCount "84"]
[EventDate "2017.08.19"]
[EventType "swiss"]
[EventRounds "9"]
[EventCountry "RUS"]
[SourceTitle "CBM 180 Extra"]
[Source "ChessBase"]
[SourceDate "2017.10.06"]
[SourceVersion "1"]
[SourceVersionDate "2017.10.06"]
[SourceQuality "1"]

1. e4 e6 2. d3 c5 3. Nf3 Nc6 4. Be2 g6 5. 0-0 Bg7 6. c3 Nge7 7. Nbd2 0-0 8. Qc2 d5 9. Re1 b6 10. Bf1 e5 11. a3 d4 12. c4 f5 13. Rb1 a5 14. g3 f4 15. Bg2 Bh6 16. h3 fxg3 17. fxg3 Be3+ 18. Kh2 Be6 19. Nf1 Bxc1 20. Qxc1 Rb8 21. Qh6 Nc8 22. Ng5 Qe7 23. Nxe6 Qxe6 24. Nd2 Nd6 25. Nf3 Nf7 26. Qd2 b5 27. b3 Rb7 28. h4 Rfb8 29. Bh3 Qe7 30. Qc2 h6 31. cxb5 Rxb5 32. Qc4 Kg7 33. Qd5 Ncd8 34. Rec1 a4 35. Nd2 axb3 36. Rxb3 Rxb3 37. Nxb3 c4 38. Qxc4 Qxa3 39. Nc5 Rb4 40. Ne6+ Nxe6 41. Qc6 Rb2+ 42. Rc2 Qc3 0-1

[Event "Tambov Korensky Memorial 26th"]
[Site "Tambov"]
[Date "2017.08.20"]
[Round "2"]
[White "Zinovjev, Yury V"]
[Black "Lomakina, Galja"]
[Result "1-0"]
[WhiteElo "2101"]
[BlackElo "1971"]
[PlyCount "119"]
[EventDate "2017.08.19"]
[EventType "swiss"]
[EventRounds "9"]
[EventCountry "RUS"]
[SourceTitle "CBM 180 Extra"]
[Source "ChessBase"]
[SourceDate "2017.10.06"]
[SourceVersion "1"]
[SourceVersionDate "2017.10.06"]
[SourceQuality "1"]

1. e4 c6 2. d3 d5 3. Nd2 g6 4. Ngf3 Bg7 5. Be2 e5 6. 0-0 Ne7 7. c3 0-0 8. d4 exd4 9. Nxd4 c5 10. N4f3 d4 11. cxd4 cxd4 12. Nb3 Nbc6 13. Bf4 h6 14. Qd2 g5 15. Bg3 b6 16. Rfd1 Bb7 17. h4 gxh4 18. Bxh4 Rc8 19. Rac1 Qd7 20. Bg3 Rfd8 21. Bf4 Qe6 22. Bc4 Qf6 23. Bd3 a5 24. e5 Qe6 25. Be4 d3 26. Qe3 Nd5 27. Bxd5 Qxd5 28. Rc3 Nb4 29. Rxc8 Rxc8 30. Bxh6 Bxh6 31. Qxh6 Rc6 32. Qf4 Rg6 33. Nbd4 Qxa2 34. e6 Rxe6 35. Nxe6 Qxe6 36. Qb8+ Qc8 37. Qxc8+ Bxc8 38. Rc1 Bd7 39. Rc7 Ba4 40. Nd2 Bc2 41. f3 Kg7 42. Rb7 Nd5 43. Kf2 Kf6 44. g4 Ke6 45. Kg3 f6 46. f4 Kd6 47. g5 fxg5 48. fxg5 Kc6 49. Rf7 Nc7 50. g6 Ne6 51. g7 Nxg7 52. Rxg7 Kc5 53. Kf3 b5 54. Ke3 a4 55. Rg5+ Kb6 56. Kd4 b4 57. Nc4+ Kc7 58. Rb5 a3 59. bxa3 bxa3 60. Ra5 1-0

[Event "Tambov Korensky Memorial 24th"]
[Site "Tambov"]
[Date "2015.08.30"]
[Round "9"]
[White "Zinovjev, Yury V"]
[Black "Chernyshov, Alexander"]
[Result "1/2-1/2"]
[WhiteElo "2153"]
[BlackElo "2109"]
[PlyCount "24"]
[EventDate "2015.08.22"]
[EventType "swiss"]
[EventRounds "9"]
[EventCountry "RUS"]
[SourceTitle "EXT 2016"]
[Source "ChessBase"]
[SourceDate "2015.10.08"]
[SourceVersion "1"]
[SourceVersionDate "2015.10.08"]
[SourceQuality "1"]

1. e4 a6 2. d4 c5 3. c3 cxd4 4. cxd4 d5 5. exd5 Nf6 6. Qa4+ Qd7 7. Nc3 Qxa4 8. Nxa4 Nbd7 9. Bd2 Nxd5 10. Rc1 e6 11. a3 Bd6 12. g3 N7f6 1/2-1/2

[Event "Tambov Korensky Memorial 23rd"]
[Site "Tambov"]
[Date "2014.08.28"]
[Round "6"]
[White "Lopukhin, Anatoly Viktorovich"]
[Black "Zinovjev, Yury V"]
[Result "1-0"]
[WhiteElo "2329"]
[BlackElo "2129"]
[PlyCount "63"]
[EventDate "2014.08.23"]
[EventType "swiss"]
[EventRounds "9"]
[EventCountry "RUS"]
[SourceTitle "EXT 2015"]
[Source "ChessBase"]
[SourceDate "2014.11.20"]
[SourceVersion "1"]
[SourceVersionDate "2014.11.20"]
[SourceQuality "1"]

1. e4 e5 2. Nf3 Nc6 3. Bc4 Be7 4. d4 d6 5. dxe5 dxe5 6. Qxd8+ Bxd8 7. Nc3 Nf6 8. Be3 0-0 9. Bc5 Re8 10. Ng5 Be6 11. Nxe6 fxe6 12. Bb5 Nd7 13. Bxc6 bxc6 14. Be3 Be7 15. 0-0-0 Bd6 16. b3 a6 17. Na4 Rab8 18. Rd3 c5 19. Nb2 Nb6 20. Rc3 c4 21. Bxb6 cxb6 22. Rxc4 Bc5 23. Nd3 Bd4 24. Kd2 Rec8 25. c3 Rxc4 26. bxc4 Bc5 27. Rb1 Rd8 28. Kc2 Rc8 29. Nxc5 Rxc5 30. Rxb6 Ra5 31. Kb3 Kf7 32. a4 1-0

[Event "Tambov Korensky Memorial 23rd"]
[Site "Tambov"]
[Date "2014.08.26"]
[Round "4"]
[White "Najdin, Danil"]
[Black "Zinovjev, Yury V"]
[Result "1/2-1/2"]
[WhiteElo "2140"]
[BlackElo "2129"]
[PlyCount "54"]
[EventDate "2014.08.23"]
[EventType "swiss"]
[EventRounds "9"]
[EventCountry "RUS"]
[SourceTitle "EXT 2015"]
[Source "ChessBase"]
[SourceDate "2014.11.20"]
[SourceVersion "1"]
[SourceVersionDate "2014.11.20"]
[SourceQuality "1"]

1. e4 c6 2. Nc3 g6 3. d4 Bg7 4. Bc4 b5 5. Bb3 b4 6. Nce2 Nf6 7. e5 Nd5 8. Nf4 Nxf4 9. Bxf4 0-0 10. Ne2 d5 11. 0-0 Ba6 12. Re1 Bxe2 13. Rxe2 e6 14. Qd2 a5 15. a3 Na6 16. Ree1 c5 17. axb4 axb4 18. c3 c4 19. Bc2 Qb6 20. Bh6 Nc7 21. Rab1 Nb5 22. Bxg7 Kxg7 23. Re3 h6 24. Rh3 Rh8 25. Qf4 Qd8 26. cxb4 Qg5 27. Qe3 Qxe3 1/2-1/2

[Event "Tambov Korensky Memorial 22nd"]
[Site "Tambov"]
[Date "2013.08.24"]
[Round "8"]
[White "Semenov, Rinat"]
[Black "Zinovjev, Yury V"]
[Result "1-0"]
[WhiteElo "2260"]
[BlackElo "2142"]
[PlyCount "117"]
[EventDate "2013.08.17"]
[EventType "swiss"]
[EventRounds "9"]
[EventCountry "RUS"]
[SourceTitle "CBM 156 Extra"]
[Source "ChessBase"]
[SourceDate "2013.10.22"]
[SourceVersion "1"]
[SourceVersionDate "2013.10.22"]
[SourceQuality "1"]

1. d4 Nf6 2. c4 g6 3. Nc3 Bg7 4. e4 0-0 5. Nf3 d6 6. Be2 Bg4 7. 0-0 Nc6 8. d5 Bxf3 9. Bxf3 Nb8 10. Be3 Nfd7 11. Rc1 a5 12. Na4 b6 13. Be2 Na6 14. b3 Nac5 15. Nxc5 Nxc5 16. Qc2 e5 17. a3 f5 18. f3 fxe4 19. fxe4 Qh4 20. Bf3 Bh6 21. Bf2 Qg5 22. Kh1 Rxf3 23. gxf3 Qh5 24. Bxc5 bxc5 25. Rb1 Rb8 26. Qg2 Bf4 27. Rf2 Be3 28. Re2 Qh6 29. Qg4 a4 30. b4 cxb4 31. Rxb4 Bb6 32. Qe6+ Kh8 33. Rxb6 cxb6 34. Qxd6 Qc1+ 35. Kg2 Qg5+ 36. Kf2 Rd8 37. Qxb6 Qh4+ 38. Ke3 Qf4+ 39. Kd3 Qxf3+ 40. Kd2 Rf8 41. Qe3 Qf1 42. Qc3 Qf4+ 43. Kc2 Rb8 44. Qg3 Qf6 45. Re3 Kg8 46. c5 Qf1 47. Qe1 Qc4+ 48. Rc3 Qa2+ 49. Kd3 Rb2 50. c6 Rxh2 51. Qe3 Qb1+ 52. Kc4 Qb8 53. Qc5 Re2 54. c7 Rxe4+ 55. Kd3 Qb1+ 56. Rc2 Rd4+ 57. Qxd4 Qf1+ 58. Kd2 Qg2+ 59. Kc1 1-0

[Event "Tambov Korensky Memorial 21st"]
[Site "Tambov"]
[Date "2012.08.26"]
[Round "9"]
[White "Zinovjev, Yury V"]
[Black "Shcherbakov, Nikolay"]
[Result "1/2-1/2"]
[WhiteElo "2181"]
[BlackElo "1808"]
[PlyCount "34"]
[EventDate "2012.08.18"]
[EventType "swiss"]
[EventRounds "9"]
[EventCountry "RUS"]
[SourceTitle "CBM 150 Extra"]
[Source "ChessBase"]
[SourceDate "2012.10.19"]
[SourceVersion "1"]
[SourceVersionDate "2012.10.19"]
[SourceQuality "1"]

1. e4 c6 2. d4 d5 3. exd5 cxd5 4. Bd3 Nc6 5. c3 g6 6. f4 Nf6 7. Nf3 Bg7 8. 0-0 0-0 9. Ne5 e6 10. Nd2 Ne8 11. Qe1 Nd6 12. Ndf3 Bd7 13. g4 Rc8 14. Bd2 Na5 15. Rd1 Ba4 16. Rb1 Bd7 17. Rd1 Ba4 1/2-1/2

[Event "Tambov Korensky Memorial 21st"]
[Site "Tambov"]
[Date "2012.08.18"]
[Round "1"]
[White "Zinovjev, Yury V"]
[Black "Sviridova, Olga Borisovna"]
[Result "1/2-1/2"]
[WhiteElo "2181"]
[BlackElo "1993"]
[PlyCount "67"]
[EventDate "2012.08.18"]
[EventType "swiss"]
[EventRounds "9"]
[EventCountry "RUS"]
[SourceTitle "CBM 150 Extra"]
[Source "ChessBase"]
[SourceDate "2012.10.19"]
[SourceVersion "1"]
[SourceVersionDate "2012.10.19"]
[SourceQuality "1"]

1. e4 e6 2. Qe2 Be7 3. Nc3 d5 4. d3 Nc6 5. Nf3 d4 6. Nb1 e5 7. g3 Bg4 8. Bg2 h5 9. h3 Be6 10. Na3 f6 11. Nh4 Bb4+ 12. Bd2 Nge7 13. Bxb4 Nxb4 14. Nf5 Nxf5 15. exf5 Bd5 16. Be4 Bxe4 17. Qxe4 Qd5 18. f3 0-0-0 19. 0-0 Qc5 20. Rf2 Nd5 21. Nc4 Qb5 22. a4 Qd7 23. Kh2 Ne7 24. f4 exf4 25. Rxf4 Nd5 26. Rf2 Ne3 27. b3 Rde8 28. Qf4 Qd5 29. Nxe3 Rxe3 30. Raf1 Rhe8 31. Qh4 Qd6 32. Qf4 Qd5 33. Qh4 Qd6 34. Qf4 1/2-1/2